Myydyimmät suomalaiset naissooloartistit Suomessa - Statistics

Yleistilastot
  • Tätä visaa on pelattu 173 kertaa
  • Keskiarvotulos 6 / 15
Vastaustilastot
Myynnit Artisti % Oikein
631,465 Katri Helena
88%
547,296 Kaija Koo
78%
359,925 Paula Koivuniemi
76%
332,365 Jenni Vartiainen
68%
232,604 Chisu
36%
268,118 Kikka
35%
227,191 Suvi Teräsniska
35%
304,891 Maija Vilkkumaa
34%
239,309 Lea Laven
33%
244,535 Marion Rung
27%
331,085 Arja Koriseva
24%
234,694 Laura Voutilainen
17%
448,365 Anna Eriksson
16%
319,705 Anna Hanski
6%
319,352 Riitta Korpela
0%
Ehtoja vastaavia visoja ei löytynyt
Tulosjakauma
Jokaisen tuloksen saaneiden osuus
Persentiili vastausten määrän mukaan
Tuloshistoriasi
Et ole pelannut tätä visaa